Statistics for NBA player from every team with the highest % for the HOF

Click here to take the quiz!

General Stats

  • This quiz has been taken 92 times
  • The average score is 19 of 30

Answer Stats

HintAnswer% Correct
LALLeBron James
100%
GSWSteph Curry
99%
MILGiannis Antetokounmpo
95%
CHIDeMar DeRozan
94%
PHOChris Paul
93%
BKNKevin Durant
93%
DENNikola Jokic
93%
DALLuka Doncic
91%
MIAJimmy Butler
89%
PORDamian Lillard
84%
LACKawhi Leonard
83%
BOSAl Horford
80%
WASBradley Beal
79%
CLEKevin Love
78%
MINKarl Anthony-Towns
74%
SASThaddeus Young
72%
UTARudy Gobert
69%
INDDomantas Sabonis
53%
MEMSteven Adams
53%
ATLLou Williams
51%
CHAGordon Hayward
43%
NYKKemba Walker
43%
HOUJohn Wall
41%
SACHarrison Barnes
33%
NOPJonas Valanciunas
31%
PHIAndre Drummond
30%
DETJerami Grant
25%
TORGoran Dragic
14%
ORLTerrence Ross
10%
OKLDerrick Favors
7%

Score Distribution

Percentile by Number Answered

Percent of People with Each Score

Your Score History

You have not taken this quiz